| 000 | 00539nam a2200181Ia 4500 | ||
|---|---|---|---|
| 003 | GCL | ||
| 008 | 140319s9999 xx 000 0 ara d | ||
| 040 |
_aGCL / _cGCL |
||
| 082 | 0 | 4 |
_a342 _bس ق |
| 100 | 1 | _aسعاد الشرقاوى | |
| 245 | 1 | 0 |
_aالقانون الادارى وتحرير الاقتصاد / _cسعاد الشرقاوى |
| 260 |
_a[S.N] : _bدار النهضة العربية ، _c1909 |
||
| 300 | _a440 ص | ||
| 490 | _a | ||
| 650 | 0 | 4 | _aالادارة |
| 650 | 0 | 4 | _aالقانون الادارى |
| 942 |
_2ddc _cBK |
||
| 999 |
_c36903 _d36903 |
||